Normal view
MARC view
- Metals
Entry Topical Term
001 - CONTROL NUMBER
- control field: 39025
003 - CONTROL NUMBER IDENTIFIER
- control field: OSt
005 - DATE AND TIME OF LATEST TRANSACTION
- control field: 20160112112543.0
008 - FIXED-LENGTH DATA ELEMENTS
- fixed length control field: 160112|| aca||babn | a|a d
040 ## - CATALOGING SOURCE
- Original cataloging agency: OSt
150 ## - HEADING--TOPICAL TERM
- Topical term or geographic name as entry element: Metals
- General subdivision: Microstructure
550 ## - SEE ALSO FROM TRACING--TOPICAL TERM
- Topical term or geographic name entry element: Physical metallurgy